1315 1492 1199 1092 1991 1227 1524 1237 1530 1616 1422 1768 1127 1499 1610 1779 1005 1150 1832 1577 1277 1310 1894 1850 1191 1695 1567 1988 1303 1206 1449 1838 1256 1660 1231 1910 1042 1310 1766 1360 1624 1570 1517 1885 1044 1734 1075 1948 1559 1418 1844 1299 1546 1822 1768 1268 1236 1583 1397 1574 1557 1935 1880 1964 1489 1229 1709 1219 1137 1566 1223 1298 1674 1212 1347 1512 1095 1537 1328 1414 1881 1150 1171 1844 1410 1215 1245 1092 1394 1990 1092 1646 1947 1162 1682 1091 1219 1151 1611 BCNSPRNW ULIB Ver.6.0+V

เปลี่ยนเป็นภาษาไทย

Change to English
 แสดงรายละเอียดบรรณานุกรม
  กลับหน้าหลัก

Brief Record : Get Marc (ISO 2709) : E-mail record : QR code < ปิดหน้าต่าง
LEADER : 00000nam 2200000uu 4500
001    13399108411
003     ULIB
008    110303s2550||||th 000 0 tha d
020    9749930495
060 04 WM100^bม455จ
245 00 จิตเวชศาสตร์รามาธิบดี /^cมาโนช หล่อตระกูล, ปราโมทย์สุคนิชย์, บรรณาธิการ
250    พิมพ์ครั้งที่ 3
260    กรุงเทพฯ :^bภาควิชาจิตเวชศาสตร์คณะแพทยศาสตร์โรงพยาบาลรามาธิบดี มหาวิทยาลัยมหิดล,^c2552
300    x, 510 หน้า ;^c21 ซม.
650  7 จิตเวชศาสตร์
700 0  มาโนช หล่อตระกูล,^eบรรณาธิการ
700 0  ปราโมทย์ สุคนิชย์,^eบรรณาธิการ
710 2  มหาวิทยาลัยมหิดล. ^bคณะแพทยศาสตร์โรงพยาบาลรามาธิบดี.^bภาควิชาจิตเวชศาสตร์
945    ^p300^l0^i027872
945    ^p300^l0^i027871
945    ^p300^l0^i027870
945    ^p300^l0^i027868
945    ^p300^l0^i021382
945    ^p300^l0^i021381
945    ^p300^l0^i028498
945    ^p300^l0^i027869
945    ^p300^l0^i018605
995    ทศพร
999 ^a ใช้งานได้ทุกระบบ
รายการนี้ยังไม่มีแท็ก
คุณยังไม่ได้ล็อกอิน คุณสามารถมีกิจกรรมร่วมกับเว็บไซต์ได้ แต่ต้องล็อกอินก่อน ::
  ล็อกอิน

รายการสื่อสารสนเทศ

ลำดับที่ ประเภท เลขเรียก/บาร์โค้ด สถานที่ สถานะ
- ไม่พบข้อมูล -

รายการใกล้เคียง
    หัวเรื่อง [จิตเวชศาสตร์]

BibComment


ยังไม่เคยถูกคอมเมนท์

คอมเมนท์ทรัพยากรรายการนี้
  คอมเมนท์: จิตเวชศาสตร์รามาธ..


 Copyright 2026. Bcnsprnw @Library